000 00734nam a2200193 a 4500
008 120416s1996 ||||||||||||||||| || u
020 _a0821337238
050 _aIBRD(06)DD/1996/13
100 _aFiske, Edward B
245 1 0 _aDecentralization of education: politics and consensus
260 _aWashington, D.C.
_bWorld Bank
_c1996
300 _avii,39p.
350 _a0.00
490 _aDirections in development
650 _aPOLITICS AND EDUCATION--CROSS-CULTURE STUDIES
650 _aSCHOOLS--DECENTRALIZATION--CROSS-CULTURE STUDIES
710 _aWorld Bank
995 _D0.00
_FCBU-MAIN LIBRARY (Kitwe)
_H1
_I0.00
_M1
_UAVAILABLE
_WOct 18, 2007
_ZInternational Publications
999 _c39500
_d39500